11 ideas clave: cómo aprender y enseñar competencias

I tiakina i:
Ngā taipitopito rārangi puna kōrero
Ngā kaituhi matua: Zabala Vidiella, Antoni (Author), Arnau Belmonte, Laia (Author)
Hōputu: Pukapuka
Reo:Pāniora
I whakaputaina: Barcelona Graó 2007
Putanga:1a. ed
Rangatū:Ideas Clave, 3
Ngā marau:
Ngā Tūtohu: Tāpirihia he Tūtohu
Kāore He Tūtohu, Me noho koe te mea tuatahi ki te tūtohu i tēnei pūkete!

MARC

LEADER 00000cam a2200000 a 4500
001 UCI5397
003 CL-VaPUC
005 20210330001614.0
008 080328e20070000SP |||||||||||||||||spa|d
020 |a 9788478275007 
040 |c Pontificia Universidad Católica de Valparaíso 
082 0 4 |a 371.39  |b ZAB  |2 21 
100 0 |a Zabala Vidiella, Antoni  |e author  |9 527747 
245 1 0 |a 11 ideas clave: cómo aprender y enseñar competencias 
250 |a 1a. ed 
260 |a Barcelona  |b Graó  |c 2007 
300 |a 226 p 
490 0 |a Ideas Clave, 3 
583 |a last modification  |c 20170816 09:50:39  |k Rodrigo Vera 
650 7 |a COMPETENCIAS EN EDUCACION  |2 CL-VaPUC  |9 527749 
650 0 |a Planificación del currículo  |9 269599 
650 0 |a Calidad de la educación   |9 307271 
700 0 |a Arnau Belmonte, Laia  |e author  |9 527748 
942 |c BK 
945 |d 20080328 00:00:00  |a rbrito 
999 |c 329147  |d 329145 
952 |0 0  |1 0  |4 0  |6 371_390000000000000_ZAB_2007  |7 0  |8 A  |9 413488  |a FDOPOS  |b FDOPOS  |d 2019-11-22  |i 4418336  |o 371.39 ZAB 2007  |p 4418336  |r 2025-01-22  |w 2019-11-22  |y BK  |k MLA 
952 |0 0  |1 0  |4 0  |6 371_390000000000000_ZAB_2007  |7 0  |8 A  |9 413489  |a BIBEDU  |b BIBEDU  |d 2019-11-22  |i 4515749  |l 1  |o 371.39 ZAB 2007  |p 4515749  |r 2023-06-05  |s 2023-05-16  |w 2019-11-22  |y BK  |k EPE 
952 |0 0  |1 0  |4 0  |6 371_390000000000000_ZAB_2007  |7 0  |8 A  |9 413490  |a BIBMAT  |b BIBMAT  |c E_DIDACT  |d 2019-11-22  |i 453168K  |o 371.39 ZAB 2007  |p 453168K  |r 2025-01-07  |w 2019-11-22  |y BK  |k MAT 
952 |0 0  |1 0  |4 0  |6 371_390000000000000_ZAB_2007  |7 0  |8 A  |9 413491  |a BIBEDU  |b BIBEDU  |d 2019-11-22  |i 4715799  |o 371.39 ZAB 2007  |p 4715799  |r 2019-11-22  |w 2019-11-22  |y BK  |k PAR 
952 |0 0  |1 0  |4 0  |6 371_390000000000000_ZAB_2007  |7 0  |8 A  |9 413492  |a BIBEDU  |b BIBEDU  |d 2019-11-22  |i 4715802  |o 371.39 ZAB 2007  |p 4715802  |r 2019-11-22  |w 2019-11-22  |y BK  |k PAR 
952 |0 0  |1 0  |4 0  |6 371_390000000000000_ZAB_2007  |7 0  |8 A  |9 413493  |a BIBEDU  |b BIBEDU  |d 2019-11-22  |i 4715810  |o 371.39 ZAB 2007  |p 4715810  |r 2019-11-22  |w 2019-11-22  |y BK  |k PAR 
952 |0 0  |1 0  |4 0  |6 371_390000000000000_ZAB_2007  |7 0  |8 A  |9 413494  |a BIBEDU  |b BIBEDU  |d 2019-11-22  |i 4731859  |o 371.39 ZAB 2007  |p 4731859  |r 2019-11-22  |w 2019-11-22  |y BK  |k EFI 
952 |0 0  |1 0  |3 erb  |4 0  |6 371_390000000000000_ZAB_2007  |7 0  |8 ?  |9 413495  |a BIBHIS  |b BIBHIS  |i 5561752  |o 371.39 ZAB 2007  |p 5561752  |r 2025-01-20  |w 2019-11-22  |y BK  |z Catalogado en:20191018  |k HIS